| 000 | 01171nam a22003851i 4500 | ||
|---|---|---|---|
| 001 | bslw10111846 | ||
| 005 | 20240305165707.0 | ||
| 006 | m o d | ||
| 007 | cr un ---uuuua | ||
| 008 | 231221t20192019cau of 001 0 eng d | ||
| 020 | _a9781949517521 | ||
| 035 | _a42336 | ||
| 035 | _a42337 | ||
| 040 |
_aUtOrBLW _beng _erda _cUtOrBLW |
||
| 043 | _an-us-tx | ||
| 050 | 4 |
_aKFT1775 _b.D36 2019 |
|
| 082 | 0 | 4 |
_a345.76405 _223 |
| 100 | 1 |
_aDaniel, Mark G., _eauthor. |
|
| 245 | 1 | 0 |
_aTexas criminal lawyer's handbook / _cby Mark G. Daniel, Robert K. Gill. |
| 250 | _aRevision 20. | ||
| 264 | 1 |
_aCosta Mesa, CA : _bJames Publishing, _c[2019] |
|
| 264 | 4 | _c©2019 | |
| 300 | _a1 online resource (2 volumes) | ||
| 336 |
_atext _btxt _2rdacontent |
||
| 337 |
_acomputer _bc _2rdamedia |
||
| 338 |
_aonline resource _bcr _2rdacarrier |
||
| 500 | _aIncludes index in volume 2. | ||
| 650 | 0 |
_aCriminal procedure _zTexas. |
|
| 650 | 0 |
_aCriminal law _zTexas. |
|
| 650 | 0 |
_aPractice of law _zTexas. |
|
| 700 | 1 |
_aGill, Robert K., _eauthor. |
|
| 856 | 4 | 0 | _uhttps://app.vlex.com/#/sources/42336 |
| 856 | 4 | 0 | _uhttps://app.vlex.com/#/sources/42337 |
| 942 | _cRAA | ||
| 999 |
_c173743 _d173743 |
||